000 00304nam a2200133Ia 4500
100 _aFeller
942 _cBK
654 _aprobablity
245 _aAn Intrd. to Probablity theory & Its Applications
260 _bWiley Eastern Pvt. Ltd.
_c2001
082 _a519.2
300 _a626
546 _aENGLISH
999 _c28200
_d28200